000 00570nmm a2200169Ia 4500
008 251105s9999||||xx |||||||||||||||||und||
020 _a9789587382693
041 _aspa
100 _aCorredor Carvajal, Ilich Felipe
245 0 _aEl crimen de agresión en Derecho penal internacional : Responsabilidad del individuo por acto de Estado
264 _a[Bogotá, Colombia] :
_bUniversidad del Rosario,
_c2012
300 _a244 páginas
490 _aTextos de Jurisprudencia
650 _aLaw
856 _uhttps://public.digitaliapublishing.com/a/18989
942 _cCF
999 _c95723
_d95723